<?xml version="1.0" encoding="UTF-8"?>
<record
    xmlns:xsi="http://www.w3.org/2001/XMLSchema-instance"
    xsi:schemaLocation="http://www.loc.gov/MARC21/slim http://www.loc.gov/standards/marcxml/schema/MARC21slim.xsd"
    xmlns="http://www.loc.gov/MARC21/slim">

  <leader>00859naa a22002051a 4500</leader>
  <controlfield tag="003">BD-RjUL</controlfield>
  <controlfield tag="005">20220202101054.0</controlfield>
  <controlfield tag="008">220202s1960    pk ||||| |||| 00| 0 ara d</controlfield>
  <datafield tag="035" ind1=" " ind2=" ">
    <subfield code="a">(BD-RjUL)</subfield>
  </datafield>
  <datafield tag="040" ind1=" " ind2=" ">
    <subfield code="a">BD-RjUL</subfield>
    <subfield code="b">eng</subfield>
    <subfield code="c">BD-RjUL</subfield>
  </datafield>
  <datafield tag="041" ind1=" " ind2=" ">
    <subfield code="a">ara</subfield>
  </datafield>
  <datafield tag="082" ind1=" " ind2=" ">
    <subfield code="2">23</subfield>
    <subfield code="a">892.71091</subfield>
    <subfield code="b">BUQ 1960</subfield>
  </datafield>
  <datafield tag="100" ind1="1" ind2=" ">
    <subfield code="a">Busiri, Sharaf Al-Din Muhammad bin Saeed ;; &#x628;&#x648;&#x635;&#x64A;&#x631;&#x64A;&#x60C; &#x634;&#x631;&#x641; &#x627;&#x644;&#x62F;&#x64A;&#x646; &#x645;&#x62D;&#x645;&#x62F; &#x628;&#x646; &#x633;&#x639;&#x64A;&#x62F;</subfield>
    <subfield code="9">1068</subfield>
  </datafield>
  <datafield tag="245" ind1="1" ind2="0">
    <subfield code="a">; &#x642;&#x635;&#x64A;&#x62F;&#x629; &#x628;&#x631;&#x62F;&#x647; &#x634;&#x631;&#x64A;&#x641; &#x645;&#x62A;&#x631;&#x62C;&#x645;  ;; Qa&#x1E63;&#x12B;dah-i Burdah sharif mutarjim /</subfield>
    <subfield code="c">&#x634;&#x631;&#x641; &#x627;&#x644;&#x62F;&#x64A;&#x646; &#x645;&#x62D;&#x645;&#x62F; &#x628;&#x646; &#x633;&#x639;&#x64A;&#x62F; &#x628;&#x635;&#x64A;&#x631;&#x64A;  ;; Sharaf Al-Din Muhammad bin Saeed Busiri, </subfield>
  </datafield>
  <datafield tag="300" ind1=" " ind2=" ">
    <subfield code="a">37 p. ;</subfield>
    <subfield code="c">19 cm</subfield>
  </datafield>
  <datafield tag="500" ind1=" " ind2=" ">
    <subfield code="a">Arabic Urdu Language</subfield>
  </datafield>
  <datafield tag="600" ind1=" " ind2=" ">
    <subfield code="a">B&#x16B;&#x1E63;&#x12B;r&#x12B;, Sharaf al-D&#x12B;n Mu&#x1E25;ammad ibn Sa&#x2BB;&#x12B;d,</subfield>
    <subfield code="d">1213?-1296? </subfield>
    <subfield code="x">Burdah.</subfield>
    <subfield code="9">1069</subfield>
  </datafield>
  <datafield tag="650" ind1=" " ind2=" ">
    <subfield code="a">Manuscripts, Arabic</subfield>
    <subfield code="z">New Jersey </subfield>
    <subfield code="v"> Princeton.</subfield>
    <subfield code="9">1070</subfield>
  </datafield>
  <datafield tag="942" ind1=" " ind2=" ">
    <subfield code="2">ddc</subfield>
    <subfield code="c">BK</subfield>
  </datafield>
  <datafield tag="999" ind1=" " ind2=" ">
    <subfield code="c">79306</subfield>
    <subfield code="d">79306</subfield>
  </datafield>
  <datafield tag="952" ind1=" " ind2=" ">
    <subfield code="0">0</subfield>
    <subfield code="1">0</subfield>
    <subfield code="2">ddc</subfield>
    <subfield code="4">0</subfield>
    <subfield code="7">1</subfield>
    <subfield code="8">NFIC</subfield>
    <subfield code="a">RUCL</subfield>
    <subfield code="b">RUCL</subfield>
    <subfield code="c">Reading</subfield>
    <subfield code="d">2022-02-02</subfield>
    <subfield code="o">A 892.71091 BUQ 1960</subfield>
    <subfield code="r">2022-02-02 00:00:00</subfield>
    <subfield code="t">C-1</subfield>
    <subfield code="y">BK</subfield>
  </datafield>
  <datafield tag="952" ind1=" " ind2=" ">
    <subfield code="0">0</subfield>
    <subfield code="1">0</subfield>
    <subfield code="2">ddc</subfield>
    <subfield code="4">0</subfield>
    <subfield code="7">0</subfield>
    <subfield code="8">NFIC</subfield>
    <subfield code="a">RUCL</subfield>
    <subfield code="b">RUCL</subfield>
    <subfield code="c">GEN</subfield>
    <subfield code="d">2022-02-02</subfield>
    <subfield code="o">A 892.71091 BUQ 1960</subfield>
    <subfield code="r">2022-02-02 00:00:00</subfield>
    <subfield code="t">C-2</subfield>
    <subfield code="y">BK</subfield>
  </datafield>
</record>
